000 00804cam a22002653a 4500
001 18437
003 PGUSA
005 20140828083407.0
008 060523s2006||||xxu|||||s|||||000 1 eng d
040 _aPGUSA
_beng
042 _adc
050 4 _aPZ
100 1 _aGlasgow, G. R.
_q(Geraldine Robertson)
245 1 0 _aTroublesome Comforts :
_bA Story for Children
_h[electronic resource] /
_cG. R. Glasgow
260 _bProject Gutenberg,
_c2006
506 _aPublic domain in the USA.
516 _aElectronic text
653 _aVacations -- Juvenile fiction
653 _aEngland -- Juvenile fiction
653 _aSeashore -- Juvenile fiction
653 _aFamilies -- Juvenile fiction
830 0 _aProject Gutenberg
_v18437
856 4 0 _uhttp://www.gutenberg.org/ebooks/18437
942 _cEB
999 _c247692
_d247692